Normal view
MARC view
Entry Meeting Name
001 - CONTROL NUMBER
- control field: 14365
003 - CONTROL NUMBER IDENTIFIER
- control field: OSt
005 - DATE AND TIME OF LATEST TRANSACTION
- control field: 20211105133805.0
008 - FIXED-LENGTH DATA ELEMENTS
- fixed length control field: 211105|| aca||aabn | a|a d
040 ## - CATALOGING SOURCE
- Original cataloging agency: OSt
- Transcribing agency: OSt
111 ## - HEADING--MEETING NAME
- Meeting name or jurisdiction name as entry element: NATO Advanced Study institute on Stability of the Solar System and Its Minor Natural and Artificial Bodies
- Location of meeting: Italy
- Date of meeting or treaty signing: 1984 Aug. 6-18
670 ## - SOURCE DATA FOUND
- Source citation: Work cat.: (OSt): NATO Advanced Study institute on Stability of the Solar System and Its Minor Natural and Artificial Bodies Italy 1984 Aug. 6-18, Stability of the Solar system and its minor natural and artificial bodies, 1985